| 000 | 00909nas a2200289 4500 | ||
|---|---|---|---|
| 001 | BR0601196 | ||
| 003 | BR-BrBNA | ||
| 005 | 20231205105906.0 | ||
| 007 | ta | ||
| 008 | 230509b bl.|||p| |||| 00| 00por d | ||
| 040 |
_aBR-BrBNA _bpor _cBiblioteca Nacional de Agricultura |
||
| 041 | _a(Pt) | ||
| 072 | _aP33 | ||
| 100 | 1 | _aMedeiros, R.D. de | |
| 100 | 1 | _aSoares, A.A. | |
| 100 | 1 | _aGuimarães, R.M. | |
| 245 | 1 | _aEfeitos da compactação do solo e do manejo da água sobre os componentes de produção e a produtividade de grãos de arroz | |
| 650 | _aORYZA SATIVA | ||
| 650 | _aARROZ | ||
| 650 | _aPRODUÇÃO VEGETAL | ||
| 650 | _aCOMPACTAÇÃO DO SOLO | ||
| 650 | _aUMIDADE DO SOLO | ||
| 650 | _aESTUFA | ||
| 773 | 0 |
_tCiência e Agrotecnologia (Brazil) _xISSN 1413-7054 _g(Sep-Oct 2005), v. 29(5) p. 960-967 _wBR0601196 |
|
| 909 |
_a202311 _bLúcia _c55 _dLúcia Elande |
||
| 942 |
_2AGRIS _n0 _cANA |
||
| 999 |
_c185221 _d185221 |
||